| 000 | 00748nam a2200217 i 4500 | ||
|---|---|---|---|
| 001 | 141440 | ||
| 003 | ES-MaACL | ||
| 005 | 20230906200308.0 | ||
| 007 | t| | ||
| 008 | 070924s1964 sp ||||1| spa d | ||
| 080 | _a271.3.04 | ||
| 110 | 2 |
_aOrden Tercera Regular de San Francisco. _96048 |
|
| 245 | 1 | 0 |
_aVocación eclesial _b: programa de trabajo 1964 / _cpreparado por el Equipo Nacional Francés de la Tercera Orden ; [versión española de Francisco Alzola]. |
| 260 |
_aVitoria : _b[s.n.], _c1964 ( _fGraf. Eset) |
||
| 300 |
_a88 p., 1 lám. ; _c17 cm. |
||
| 490 | 1 |
_aLuz y Senda ; _v3 |
|
| 700 | 1 |
_aAlzola, Francisco. _921060 |
|
| 830 | 0 |
_aLuz y Senda ; _v3 _9187213 |
|
| 852 |
_aES-MaACL _jC-27907 _bR.57377 |
||
| 999 |
_c141440 _d141440 |
||